| 000 | 00610nam a22001937a 4500 | ||
|---|---|---|---|
| 005 | 20251108165231.0 | ||
| 008 | 250721s1984 xx 000 0 ara d | ||
| 082 | 1 | 4 | _a822.33/شكس |
| 100 | 1 | _aشكسبير، وليم | |
| 245 | 1 | 0 | _aتيمون الأثيني / |
| 250 | _aط2 | ||
| 264 | 1 |
_aبيروت : _bالمؤسسة العربية للدراسات و النشر، _c1984. |
|
| 300 | _a243ص | ||
| 650 | 1 | 7 | _aالمسرحيات الإنجليزية |
| 700 | 1 |
_aلؤلؤة، عبد الواحد _eترجمة |
|
| 700 | 1 |
_aأوليفر، هـ . ج _eتحقيق |
|
| 942 |
_2ddc _cBK |
||
| 999 |
_c22798 _d22798 |
||